Score 0/12 Timer 00:30
5 Plays Today
% Correct
Europe
88.8%
North America
88.7%
South America
88.1%
Asia
88%
Africa
87.4%
Pacific
87.4%
Atlantic
85.2%
Indian
84.5%
Oceania
81.8%
Antarctica
79.8%
Arctic
79.4%
Southern
77.2%
Remove Ads.
Support Sporcle.
Get the best of Sporcle when you Go Orange. This ad-free experience offers more features, more stats, and more fun while also helping to support Sporcle. Thank you for becoming a member.

You're not logged in!

Compare scores with friends on all Sporcle quizzes.
OR
Log In

Show Comments

Extras

Top Quizzes Today


Score Distribution

Your Account Isn't Verified!

In order to create a playlist on Sporcle, you need to verify the email address you used during registration. Go to your Sporcle Settings to finish the process.

Report this User

Report this user for behavior that violates our Community Guidelines.

Details: